| 000 | 00926cad a22001935a 4500 | ||
|---|---|---|---|
| 001 | E150711 | ||
| 008 | 100823s2010 xxk f 000 0 eng d | ||
| 035 | _a(Sirsi) u150713 | ||
| 041 | 0 | _aeng | |
| 110 | 2 |
_aCommission for Architecture and the Built Environment _94058 |
|
| 245 | 0 | 0 |
_aHelping local people choose good design _bdesign review network annual report 2009/10 _h[electronic resource] |
| 260 |
_aLondon _bCABE _c200 |
||
| 520 | _aReviews the first year of the network of Design Review Panels, which were set up to give advice on design issues to local authorities and others. | ||
| 590 | _aKA | ||
| 651 | 4 |
_aEngland and Wales _y1543- |
|
| 690 | _aBUILT ENVIRONMENT-CONSTRUCTION DESIGN | ||
| 856 | 4 | 0 |
_uhttps://webarchive.nationalarchives.gov.uk/20110118095356/http:/www.cabe.org.uk/files/helping-local-people-choose-good-design.pdf _zView the report free of charge at webarchive.nationalarchives.gov.uk |
| 942 | _n0 | ||
| 999 |
_c110953 _d110953 |
||